Aplikácia alternatívnych prístupov v justícii na Slovensku. I. /
Uložené v:
| Ďalší autori: | , |
|---|---|
| Médium: | Kniha |
| Jazyk: | Slovak |
| Vydané: |
Prešov :
Prešovská univerzita v Prešove,
2021.
|
| Témy: | |
| ISBN: |
9788055527703 |
| Fyzický popis: |
209 strán : fotografie, formuláre, grafy, ilustrácie ; 21 cm. |
| Tagy: |
Pridať tag
Žiadne tagy, Buďte prvý kto otaguje tento záznam!
|
Titul je dostupný aj v ... 

MARC
| LEADER | 00000nam a2200000 i 4500 | ||
|---|---|---|---|
| 001 | 000671663 | ||
| 005 | 20220114084500.0 | ||
| 008 | 211124s2021 xo adloe 100 0 slo d | ||
| 020 | |a 9788055527703 |q (brožované) | ||
| 040 | |a SVKKK |b slo |c SVKKK |e rda | ||
| 041 | 0 | |a slo |b slo |b eng | |
| 043 | |a e-xo--- | ||
| 044 | |a xo |c SK | ||
| 072 | 7 | |a 343 |x Trestné právo |2 konspekt | |
| 080 | |a 343 |2 2011 | ||
| 080 | |a 343.265 |2 2011 | ||
| 080 | |a 343.244 |2 2011 | ||
| 080 | |a 364-78 |2 2011 | ||
| 080 | |a (437.6) |2 2011 | ||
| 080 | |a (062.534) |2 2011 | ||
| 245 | 0 | 0 | |a Aplikácia alternatívnych prístupov v justícii na Slovensku. |n I. / |c Paľa, G., Petričko, D. |
| 264 | 1 | |a Prešov : |b Prešovská univerzita v Prešove, |c 2021. | |
| 300 | |a 209 strán : |b fotografie, formuláre, grafy, ilustrácie ; |c 21 cm. | ||
| 336 | |a text |b txt |2 rdacontent | ||
| 337 | |a bez média |b n |2 rdamedia | ||
| 338 | |a zväzok |b nc |2 rdacarrier | ||
| 500 | |a Vydala Prešovská univerzita v Prešove vo Vydavateľstve Prešovskej university | ||
| 504 | |a Obsahuje bibliografické odkazy | ||
| 546 | |a Anglický a slovenský abstrakt | ||
| 650 | 0 | 7 | |a trestné právo |2 SVKKKPH |
| 650 | 0 | 7 | |a probácia |2 SVKKKPH |
| 650 | 0 | 7 | |a alternatívne tresty |2 SVKKKPH |
| 650 | 0 | 7 | |a mediácia |2 SVKKKPH |
| 650 | 0 | 7 | |a criminal law |2 SVKKKPHeng |
| 650 | 0 | 7 | |a probation |2 SVKKKPHeng |
| 650 | 0 | 7 | |a alternatives to imprisonment |2 SVKKKPHeng |
| 650 | 0 | 7 | |a mediation |2 SVKKKPHeng |
| 651 | 7 | |a Slovensko |2 SVKKKPH | |
| 651 | 7 | |a Slovakia |2 SVKKKPHeng | |
| 655 | 7 | |a zborníky konferencií |2 SVKKKPH | |
| 655 | 7 | |a proceedings of conferences |2 SVKKKPHeng | |
| 700 | 1 | |a Paľa, Gabriel |4 edt | |
| 700 | 1 | |a Petričko Daniel |4 edt | |
| 710 | 2 | |a Vydavateľstvo Prešovskej univerzity (Prešov, Slovensko) |4 pbl | |
| 910 | |a svkkk | ||
| 919 | |a 978-80-555-2770-3 | ||
| 998 | |a BK | ||
| 090 | |g SCKHL |k Sklad Hlavná 10 prízemie |a III.251257 |j 1113450 |i 2720817112 |s Povinný výt. | ||